La Teología de la Liberación: pastoral y violencia revolucionaria /

Se realiza un balance general de la relación entre la Teología de la Liberación (TL) y la realidad histórica signada por la violencia a la que se enfrentaron los más destacados representantes de la pastoral de esta corriente latinoamericana durante el siglo XX. El hilo conductor del artículo se desa...

ver descrição completa

Na minha lista:
Detalhes bibliográficos
Autor principal: Bedolla Villaseñor, Pastor
Formato: Livro
Idioma:Spanish
Assuntos:
Acesso em linha:texto completo desde el sitio de la revista
Tags: Adicionar Tag
Sem tags, seja o primeiro a adicionar uma tag!

MARC

LEADER 00000nam a22000007a 4500
003 cru CRAI/IIS
005 20200611062548.0
007 ta
008 181130t2017 mx |||p|r||||||0| ||spa d
999 |c 41947  |d 41947 
040 |c cru CRAI/IIS 
100 1 |a Bedolla Villaseñor, Pastor  |9 8071 
245 1 3 |a La Teología de la Liberación:   |b pastoral y violencia revolucionaria /  |c Pastor Bedolla Villaseñor 
300 |a páginas 185-221 
520 |a Se realiza un balance general de la relación entre la Teología de la Liberación (TL) y la realidad histórica signada por la violencia a la que se enfrentaron los más destacados representantes de la pastoral de esta corriente latinoamericana durante el siglo XX. El hilo conductor del artículo se desarrolla a partir del posicionamiento de dichos representantes frente a la violencia del carácter revolucionario. La primera parte consiste en en un acercamiento introductorio a la historia del surgimiento de la Teología de la Liberación, luego es presentada y desarrollada parte de la complejidad del parecer de estos teólogos que reflexionaron sobre la legitimidad de la violencia revolucionaria. JME/230919. 
650 0 |9 133  |a VIOLENCIA 
650 0 |9 137  |a REVOLUCION 
650 0 |9 3633  |a CONFLICTOS POLITICOS 
650 0 |a MOVIMIENTOS SOCIALES  |9 3 
650 0 |9 3285  |a TEOLOGIA DE LA LIBERACION 
650 0 |9 4728  |a CONFLICTOS 
651 0 |9 17  |a AMERICA LATINA 
773 0 |0 19263  |9 2464  |a Universidad Nacional Autónoma de México (UNAM)  |d México: UNAM N° 36 (2003- )  |o 18958  |t Latinoamérica:  |x 16658574 
856 |u http://www.revistadeestlat.unam.mx/index.php/latino/article/view/56841  |y texto completo desde el sitio de la revista 
942 |2 ddc  |c PP